000
00295nam a2200109Ia 4500
008
201223s9999 xx 000 0 und d
100
_a
Srinivas, B.
245
0
_a
Worker Takeover in Industry : (The) Kamani Tubes Expreiment
260
_a
New Delhi
_b
Sage Publications
300
_a
220
942
_c
BK
999
_c
8607
_d
8607